000 01392cab a2200313 4500
001 X97071
008 090401t1999 xxu||||| |||| 00| 0 eng d
035 _a(Sirsi) u91734
041 _aeng
245 _aRochford District Council and McCarthy Stone (Developments) Ltd
260 _c1999
350 _a0
490 _aPlanning Appeal Decisions
_v[1999] 14 P.A.D. 11-25(15)
520 _a23 October 1998. 45 Category II sheltered apartments for the elderly - appearance and character of the area - near conservation area - vitality and viability of town centre - structure and local plans - urban area - extant planning permission - PPGs 1, 6, 13, 15 - Costs - Council did not apply PPGs - council failed to brief expert retail witness adequately - council failed to give soundly based reasons for misinterpretation of shopping and economic viability parts of the development plan. (Taken from Journal Headnote)
650 _aCONSERVATION AREA
650 _aCOSTS
650 _aELDERLY
650 _aEXPERT RETAIL WITNESS
650 _aPLANNING PERMISSION
650 _aPPG1
650 _aPLANNING POLICY GUIDANCE NOTE 13
650 _aPPG15
650 _aPLANNING POLICY GUIDANCE NOTE SIX
650 _aSHELTERED ACCOMMODATION
650 _aTOWN CENTRE
690 _aENVIRONMENTAL AND LAND CONSULTANCY-PLANNING AND DEVELOPMENT
942 _n0
948 _c03/03/1999
999 _c58225
_d58225